Manual Penubuhan dan Pembangunan Ladang Hutan-Kemenpayan, Bakai, Akasia, Sentang dan Karas

Bibliographic Details
Other Authors: H.Nor Hasnida, WM Ho
Format: Book
Published: Kepong, Selangor : FRIM , 2015
Subjects:

MARC

LEADER 00000cam a2200000 7i4500
001 0000004100
005 20160420.0
020 0 0 |a 9789670622491 
090 0 0 |a 631.5   |b MAN 
245 0 0 |a Manual Penubuhan dan Pembangunan Ladang Hutan-Kemenpayan, Bakai, Akasia, Sentang dan Karas   |c Y. Ahmad Zuhaidi...[et.all] 
260 0 0 |a Kepong, Selangor :   |b FRIM ,   |c 2015 
300 |a xvii 79 pages. ;   |c 26cm. 
650 0 0 |a Forest nurseries 
650 0 0 |a Tree crops 
650 0 0 |a Tree palnting---Handbooks, manual 
650 0 0 |a Trees--Seedlings 
700 1 1 |a H.Nor Hasnida 
700 1 1 |a WM Ho 
998 |a JPSM 
999 |a 007925   |b Monograph   |c Open Shelf   |e Default branch